Cargando…

Parables for the Virtual : Movement, Affect, Sensation /

"Although the body has been the focus of much contemporary cultural theory, the models that are typically applied neglect the most salient characteristics of embodied existence-movement, affect, and sensation-in favor of concepts derived from linguistic theory. In Parables for the Virtual Brian...

Descripción completa

Detalles Bibliográficos
Autor principal: Massumi, Brian (Autor)
Formato: Electrónico eBook
Idioma:Inglés
Publicado: Durham : Duke University Press, 2021.
Edición:Twentieth anniversary edition.
Colección:Book collections on Project MUSE.
Temas:
Acceso en línea:Texto completo

MARC

LEADER 00000cam a22000004a 4500
001 musev2_97673
003 MdBmJHUP
005 20230905053247.0
006 m o d
007 cr||||||||nn|n
008 210127s2021 ncu o 00 0 eng d
010 |z  2021000050 
020 |a 9781478021971 
020 |z 9781478013747 
020 |z 9781478014676 
035 |a (OCoLC)1261318151 
040 |a MdBmJHUP  |c MdBmJHUP 
100 1 |a Massumi, Brian,  |e author. 
245 1 0 |a Parables for the Virtual :   |b Movement, Affect, Sensation /   |c Brian Massumi. 
250 |a Twentieth anniversary edition. 
264 1 |a Durham :  |b Duke University Press,  |c 2021. 
264 3 |a Baltimore, Md. :  |b Project MUSE,   |c 2021 
264 4 |c ©2021. 
300 |a 1 online resource (408 pages). 
336 |a text  |b txt  |2 rdacontent 
337 |a computer  |b c  |2 rdamedia 
338 |a online resource  |b cr  |2 rdacarrier 
490 0 |a Post-contemporary interventions 
505 0 |a Introduction : concrete is as concrete doesn't -- The autonomy of affect -- The bleed : where body meets image -- The political economy of belonging and the logic of relation -- The evolutionary alchemy of reason : Stelarc -- On the superiority of the analog -- Chaos in the ''total field'' of vision -- The brightness confound -- Strange horizon : buildings, biograms, and the body topologic -- Too-blue : color-patch for an expanded empiricism. 
520 |a "Although the body has been the focus of much contemporary cultural theory, the models that are typically applied neglect the most salient characteristics of embodied existence-movement, affect, and sensation-in favor of concepts derived from linguistic theory. In Parables for the Virtual Brian Massumi views the body and media such as television, film, and the Internet, as cultural formations that operate on multiple registers of sensation beyond the reach of the reading techniques founded on the standard rhetorical and semiotic models. Renewing and assessing William James's radical empiricism and Henri Bergson's philosophy of perception through the filter of the post-war French philosophy of Deleuze, Guattari, and Foucault, Massumi links a cultural logic of variation to questions of movement, affect, and sensation. The new preface to the anniversary edition situates the book in relation to developments since its first publication, and summarizes its main concepts and how they have evolved"--  |c Provided by publisher. 
588 |a Description based on print version record. 
650 7 |a Senses and sensation.  |2 fast  |0 (OCoLC)fst01112562 
650 7 |a Movement (Philosophy)  |2 fast  |0 (OCoLC)fst01028491 
650 7 |a Affect (Psychology)  |2 fast  |0 (OCoLC)fst00798853 
650 0 |a Affect (Psychology) 
650 0 |a Senses and sensation. 
650 0 |a Movement (Philosophy) 
655 7 |a Electronic books.   |2 local 
710 2 |a Project Muse.  |e distributor 
830 0 |a Book collections on Project MUSE. 
856 4 0 |z Texto completo  |u https://projectmuse.uam.elogim.com/book/97673/ 
945 |a Project MUSE - Custom Collection